[Event "Teplice Open 2019"]
[Site "Teplice"]
[Date "2019.06.20"]
[Round "6.25"]
[White "Ivanov, Igor"]
[Black "Gavrilescu, David"]
[Result "1/2-1/2"]
[WhiteElo "2157"]
[BlackElo "2475"]
[Annotator "TA"]
[PlyCount "91"]
[EventDate "2019.06.15"]
[EventType "swiss"]
[EventCountry "CZE"]
[SourceTitle "playchess.com"]
[Source "ChessBase"]
[SourceQuality "1"]

{[%evp 9,91,-2,8,-32,-6,-32,-18,-27,-18,-25,-16,-15,-5,-25,-34,-37,-23,-50,-28,-38,-46,-45,-21,-68,-24,-33,-24,-51,-51,-38,-45,-52,-37,-47,-22,-18,-22,-29,-24,-51,-18,-26,-14,-29,-25,-98,-53,-54,-45,-46,-7,-1,0,0,0,-77,-45,-58,129,125,120,120,218,205,205,214,172,106,120,109,122,113,103,126,108,65,64,0,0,0,0,0,0,0]} 1. d4 d5 2. Nf3 Nf6 3. g3 c5 4. c3 (4. Bg2 cxd4 5. O-O h6 6. Nxd4 e5 7. Nb3 Be6 8. c4 Nc6 9. cxd5 Bxd5 10. Nc3 Bxg2 11. Kxg2 Be7 12. Be3 O-O 13. Rc1 Rc8 14. Qxd8 Rfxd8 15. Rfd1 Rxd1 16. Rxd1 {1-0 (40) Socko,B (2627)-Tomczak,J (2631) Warsaw 2019}) 4... Qb6 5. Bg2 Nc6 6. h3 $146 {D02: 1 d4 d5 2 Nf3 sidelines, including 2...Nf6 3 g3 and 2...Nf6 3 Bf4} ({Predecessor:} 6. O-O g6 7. dxc5 Qxc5 8. b4 Qb6 9. Be3 Qd8 10. b5 Na5 11. Bd4 {0-1 (43) Popchev,M (2451)-Polak,T (2508) Brno 2009}) 6... Bf5 7. Qa4 e6 8. Nbd2 {[%cal Bb1d2,Bd2b3,Bb3d4][%mdl 32]} cxd4 9. Nxd4 Bc5 {[%cal Rc5d4]} 10. N2b3 Be4 11. O-O Bxd4 12. Nxd4 O-O 13. Nb3 a5 14. Re1 Rfc8 15. Be3 Qd8 16. Rad1 Ne5 {White must now prevent ...Nc4.} (16... b5 $5 17. Qxb5 a4 $15) 17. Nd2 {[%cal Rd2e4] [#]} b5 $1 {[%mdl 512]} 18. Qd4 {[%cal Rd2e4]} (18. Qxb5 Bc2) 18... Bxg2 19. Kxg2 Nfd7 20. Nf3 Nc4 21. Bc1 Nd6 22. Bf4 Rc4 23. Qe3 Ne4 24. Rd4 Rac8 25. Red1 f6 26. Rxc4 bxc4 27. Qd4 (27. Bd6 $11) 27... Rc5 28. Bc1 Qb6 29. Qe3 e5 30. Nd2 Nd6 31. Nf1 Qc6 32. Kg1 (32. Qf3 $1 $11 {keeps the balance.}) 32... d4 (32... Qa4 $5 {[%cal Ra4d1]} 33. Qd2 Qxa2 $17) 33. Qd2 Ne4 $2 (33... Nb6 $1 $15 {stays ahead.}) 34. Qc2 $16 dxc3 35. bxc3 Nf8 (35... f5 $16) 36. Ba3 $18 Rb5 {[#]} 37. Rd8 $1 {[%csl Ga3][%cal Rd8f8][%mdl 512]} Nc5 {[#]} 38. Qd2 (38. Qa4 $1 $18 {[%mdl 512]} Nce6 (38... Nxa4 39. Rxf8#) 39. Rd6) 38... Rb1 {[#] ( -> ...Rxf1+!)} 39. Qd5+ $1 Qxd5 40. Rxd5 Nfe6 {Threatens to win with ...Ne4.} 41. Bxc5 {And now Be3 would win.} Rb5 42. Nd2 {Ne4 is the strong threat.} Rxc5 43. Rxc5 (43. Rd6 $14 Kf7 44. Ra6) 43... Nxc5 $11 {The position is equal.} 44. Nxc4 Ne4 45. Nxa5 Nxc3 {[%mdl 64] Double Attack} 46. Kf1 {Accuracy: White = 54%, Black = 40%.} 1/2-1/2

[Event "Teplice Open 2019"]
[Site "Teplice"]
[Date "2019.06.20"]
[Round "6.26"]
[White "Morgunov, Daniel"]
[Black "Vogel, Roven"]
[Result "1/2-1/2"]
[WhiteElo "2289"]
[BlackElo "2471"]
[Annotator "ChessBase"]
[PlyCount "82"]
[EventDate "2019.06.15"]
[EventType "swiss"]
[EventCountry "CZE"]
[SourceTitle "playchess.com"]
[Source "ChessBase"]
[SourceQuality "1"]
[TimeControl "40/5400+30:1800+30"]

1. e4 {[%emt 0:00:00]} c6 {[%emt 0:00:00]} 2. Nf3 {[%emt 0:00:00]} d5 {[%emt 0:00:00]} 3. Nc3 {[%emt 0:00:00]} Nf6 {[%emt 0:00:00]} 4. e5 {[%emt 0:00:00]} Ne4 {[%emt 0:00:08]} 5. Ne2 {[%emt 0:00:00]} Qb6 {[%emt 0:00:09]} 6. d4 {[%emt 0:00:03]} e6 {[%emt 0:00:25]} 7. Ng3 {[%emt 0:00:08]} c5 {[%emt 0:00:20]} 8. Bd3 {[%emt 0:00:05]} Nxg3 {[%emt 0:00:23]} 9. hxg3 {[%emt 0:00:04]} cxd4 {[%emt 0:01:43]} 10. a3 {[%emt 0:00:10]} Nc6 {[%emt 0:01:25]} 11. b4 {[%emt 0:00:13]} Bd7 {[%emt 0:01:43]} 12. g4 {[%emt 0:00:58]} O-O-O {[%emt 0:03:35]} 13. Bf4 {[%emt 0:02:08]} h6 {[%emt 0:10:20]} 14. g5 {[%emt 0:11:10]} hxg5 {[%emt 0:02:28]} 15. Rxh8 {[%emt 0:00:32]} gxf4 {[%emt 0:08:00]} 16. Kf1 {[%emt 0:03:31]} f6 {[%emt 0:07:50]} 17. Qe2 {[%emt 0:04:43]} Qc7 {[%emt 0:02:27]} 18. Rh5 {[%emt 0:17:25]} Be8 {[%emt 0:27:18]} 19. Rh8 {[%emt 0:00:46]} Bd7 {[%emt 0:00:09]} 20. Bb5 {[%emt 0:10:56]} Nxe5 {[%emt 0:00:50]} 21. Nxd4 {[%emt 0:02:44]} Kb8 {[%emt 0:01:26]} 22. Bxd7 {[%emt 0:05:02]} Qxd7 {[%emt 0:00:02]} 23. Rd1 {[%emt 0:01:00]} Rc8 {[%emt 0:07:54]} 24. Qb5 {[%emt 0:07:56]} Qf7 {[%emt 0:01:00]} 25. a4 {[%emt 0:06:45]} Nc4 {[%emt 0:01:51]} 26. Nxe6 {[%emt 0:08:00]} Qxe6 {[%emt 0:00:11]} 27. Qxd5 {[%emt 0:00:33]} Qxd5 {[%emt 0:01:32]} 28. Rxd5 {[%emt 0:00:02]} Ne5 {[%emt 0:01:06]} 29. Rg8 {[%emt 0:03:40]} Bxb4 {[%emt 0:06:32]} 30. Rxg7 {[%emt 0:00:48]} Rxc2 {[%emt 0:01:27]} 31. Rd8+ {[%emt 0:00:08]} Rc8 {[%emt 0:00:05]} 32. Rgg8 {[%emt 0:00:06]} Rxd8 {[%emt 0:00:18]} 33. Rxd8+ {[%emt 0:00:05]} Kc7 {[%emt 0:00:06]} 34. Rd4 {[%emt 0:00:08]} Be7 {[%emt 0:08:50]} 35. Rxf4 {[%emt 0:00:09]} a6 {[%emt 0:02:14]} 36. Ke2 {[%emt 0:06:32]} b5 {[%emt 0:00:17]} 37. axb5 {[%emt 0:00:06]} axb5 {[%emt 0:00:01]} 38. Rf5 {[%emt 0:03:04]} Kb6 {[%emt 0:01:28]} 39. f4 {[%emt 0:00:42]} Nf7 {[%emt 0:02:49]} 40. Rh5 {[%emt 0:02:43]} Bc5 {[%emt 0:01:02]} 41. g4 {[%emt 0:32:47]} Kc6 {[%emt 0:06:00]} 1/2-1/2

[Event "Teplice Open 2019"]
[Site "Teplice"]
[Date "2019.06.20"]
[Round "6.27"]
[White "Real, Thibault"]
[Black "Abdumalik, Zhansaya"]
[Result "0-1"]
[WhiteElo "2266"]
[BlackElo "2464"]
[Annotator "RC"]
[PlyCount "102"]
[EventDate "2019.06.15"]
[EventType "swiss"]
[EventCountry "CZE"]
[SourceTitle "playchess.com"]
[Source "ChessBase"]
[SourceQuality "1"]
[TimeControl "40/5400+30:1800+30"]

1. Nf3 {[%emt 0:01:14]} Nf6 {[%emt 0:00:00]} 2. c4 {[%emt 0:00:08]} c5 {[%emt 0:00:35]} 3. Nc3 {[%emt 0:00:09]} b6 {[%emt 0:01:11]} 4. e4 {[%emt 0:04:55]} d6 {[%emt 0:01:08]} 5. d4 {[%emt 0:01:26]} cxd4 {[%emt 0:00:33]} 6. Nxd4 {[%emt 0:00:12]} e6 {[%emt 0:02:16]} 7. Be2 {[%emt 0:01:33]} Bb7 {[%emt 0:01:16]} 8. f3 {[%emt 0:00:23]} a6 {[%emt 0:01:17]} 9. O-O {[%emt 0:02:06]} Nbd7 {[%emt 0:03:07]} 10. Be3 {[%emt 0:00:41]} Qc7 {[%emt 0:00:58]} 11. Qd2 {[%emt 0:04:03]} Rc8 {[%emt 0:03:46]} 12. Rac1 {[%emt 0:00:26]} Be7 {[%emt 0:00:30]} 13. Rfd1 {[%emt 0:07:34]} O-O {[%emt 0:00:15]} 14. Bf1 {[%emt 0:00:53]} h5 {[%emt 0:00:23]} 15. b3 {[%emt 0:09:01]} Rfe8 {[%emt 0:03:23]} 16. Bd3 {[%emt 0:02:43]} Qb8 {[%emt 0:03:09]} 17. Bb1 {[%emt 0:02:07]} h4 {[%emt 0:03:11]} 18. Bg5 {[%emt 0:12:59]} h3 {[%emt 0:06:44]} 19. gxh3 {[%emt 0:06:09]} Rc5 {[%emt 0:05:23]} 20. h4 {[%emt 0:14:29]} Bf8 {[%emt 0:03:07]} 21. Qg2 {[%emt 0:03:01]} Nh7 {[%emt 0:02:04]} 22. Be3 {[%emt 0:00:36]} Rh5 {[%emt 0:03:38]} 23. Bf2 {[%emt 0:00:58]} Be7 {[%emt 0:01:38]} 24. Kh1 {[%emt 0:04:41]} Bxh4 {[%emt 0:02:56]} 25. Bxh4 {[%emt 0:00:15]} Rxh4 {[%emt 0:00:08]} 26. Nde2 {[%emt 0:01:28]} Rh6 {[%emt 0:04:09]} 27. Rg1 {[%emt 0:10:16]} g6 {[%emt 0:01:44]} 28. Qf2 {[%emt 0:01:16]} Kg7 {[%emt 0:03:08]} 29. Rcd1 {[%emt 0:01:46]} Nhf6 {[%emt 0:01:15]} 30. Ng3 {[%emt 0:01:08]} Reh8 {[%emt 0:01:17]} 31. Rg2 {[%emt 0:00:12]} Ne5 {[%emt 0:00:47]} 32. Bd3 {[%emt 0:03:22]} Qc7 {[%emt 0:05:58]} 33. Be2 {[%emt 0:01:12]} b5 {[%emt 0:00:43]} 34. Qd4 {[%emt 0:00:43]} bxc4 {[%emt 0:02:41]} 35. bxc4 {[%emt 0:00:08]} Qa5 {[%emt 0:04:01]} 36. Nd5 {[%emt 0:01:38]} exd5 {[%emt 0:14:16]} 37. Nf5+ {[%emt 0:00:01]} Kg8 {[%emt 0:04:35]} 38. Nxh6+ {[%emt 0:00:21]} Rxh6 {[%emt 0:00:07]} 39. f4 {[%emt 0:01:58]} Ned7 {[%emt 0:01:58]} 40. e5 {[%emt 0:00:53]} dxe5 {[%emt 0:02:34]} 41. fxe5 {[%emt 0:02:32]} dxc4 {[%emt 0:00:19]} 42. exf6 {[%emt 0:01:22]} Qg5 {[%emt 0:01:29]} 43. Qf2 {[%emt 0:02:24]} Ne5 {[%emt 0:12:12]} 44. Rd6 {[%emt 0:19:11]} c3 {[%emt 0:03:40]} 45. Bxa6 {[%emt 0:06:25]} Ng4 {[%emt 0:01:53]} 46. Bxb7 {[%emt 0:00:22]} Nxf2+ {[%emt 0:00:13]} 47. Rxf2 {[%emt 0:00:06]} Qc1+ {[%emt 0:01:04]} 48. Kg2 {[%emt 0:00:05]} Rh5 {[%emt 0:00:09]} 49. Rd8+ {[%emt 0:01:49]} Kh7 {[%emt 0:00:02]} 50. Be4 {[%emt 0:00:14]} Qe3 {[%emt 0:02:10]} 51. Bc2 {[%emt 0:00:30]} Rxh2+ {[%emt 0:00:07]} 0-1

[Event "Teplice Open 2019"]
[Site "Teplice"]
[Date "2019.06.20"]
[Round "6.28"]
[White "Tuma, Jiri"]
[Black "Kirk, Ezra"]
[Result "0-1"]
[WhiteElo "2257"]
[BlackElo "2428"]
[Annotator "TA"]
[PlyCount "114"]
[EventDate "2019.06.15"]
[EventType "swiss"]
[EventCountry "CZE"]
[SourceTitle "playchess.com"]
[Source "ChessBase"]
[SourceQuality "1"]

{[%evp 9,114,6,14,-6,4,-6,-18,-10,-16,-45,0,-45,-53,-81,-21,-19,-17,0,-22,-25,-25,-15,-22,-9,-13,-28,-12,-22,0,0,0,-12,0,0,6,0,3,0,0,0,16,-8,-7,-4,-13,-13,-7,-37,-4,-29,-21,-21,0,0,0,0,0,-8,-8,-8,-6,-59,-8,-31,-27,-36,-17,-48,-23,-28,-28,-26,-36,-145,-140,-121,-118,-169,-177,-444,-445,-445,-434,-537,-302,-472,-332,-689,-291,-309,0,0,0,-636,-636,-6636,-6488,-4174,-5073,-7412,-1545,-29973,-29969,-29957,-29959,-29970,-2714]} 1. e4 e6 2. Nf3 d5 3. e5 Bd7 4. a3 (4. c3 c5 5. Be2 Ne7 6. d4 Nf5 7. Bd3 c4 8. Bc2 Nc6 9. g4 Nh4 10. Nbd2 b5 11. h3 Nxf3+ 12. Nxf3 b4 {½-½ (27) Zvjaginsev,V (2659)-Volkov,S (2615) Taganrog 2011}) 4... a6 5. c3 $146 ({Predecessor:} 5. b4 f6 6. Bb2 fxe5 7. Nxe5 Nf6 8. g4 Ne4 9. d3 Nd6 10. Nd2 {0-1 (59) Rewitz,P (2253)-Helledie,A (2266) Denmark 2015}) 5... c5 6. b4 {C00: French: Unusual White 2nd moves} d4 7. bxc5 Bxc5 8. cxd4 {The position is equal.} Ba7 9. Bc4 Bc6 10. Bb2 (10. d5 $5 Bxd5 11. Bxd5 Qxd5 12. Nc3 $11) 10... Ne7 11. O-O Nf5 (11... Bxf3 $17 12. Qxf3 Nbc6) 12. d5 $1 $11 {[%cal Rd5c6]} Bxd5 13. Bxd5 Qxd5 14. d4 Qd7 15. d5 Qxd5 16. Qxd5 exd5 17. Nc3 Nc6 18. Nxd5 {[#] Strongly threatening Nc7+.} O-O 19. Rfd1 Rad8 20. a4 Rfe8 21. Kf1 Bb8 22. Nb6 {[%cal Bd5b6,Bb6c4,Bc4d6][%mdl 32]} Nfe7 23. Nc4 Ng6 24. Nd6 Re7 25. Nc4 Red7 26. Rxd7 Rxd7 27. g3 h6 28. h4 Nf8 29. Ke2 Ne6 30. Rb1 b5 31. axb5 axb5 32. Ne3 Ba7 (32... b4 {looks sharper.} 33. Rc1 Ned8 34. Rd1 Rb7 35. Ne1 Ne6) 33. Rd1 (33. Nf5 {feels hotter.} Kh7 34. Rc1 Rc7 35. Nd6 Bc5 36. Ne4) 33... Rxd1 34. Nxd1 Kf8 35. Kd3 (35. Nd2 $11) 35... Ke8 (35... Ke7 $15) 36. Nd2 Nc5+ 37. Ke2 Kd7 38. f4 Na4 39. e6+ {[%mdl 64] [#] Discovered Attack} Kxe6 40. Bxg7 h5 41. g4 (41. Ne4 $15) 41... hxg4 $17 42. h5 f5 43. h6 (43. Ba1 $17 {is a better defense.}) 43... Kf7 $19 44. Ne3 $2 (44. Nf1) 44... Bxe3 45. Kxe3 {[%mdl 4096] Endgame KBN-KNN} Kg6 46. Ne4 Nb6 47. Nf6 (47. Nc3 $142 b4 48. Ne2) 47... Nc4+ 48. Kd3 $2 (48. Ke2) 48... Nd6 (48... g3 $142 {( -> ...g2)} 49. h7 Kxg7 50. Nh5+ Kxh7 51. Nxg3 Kg6) 49. Nd7 Ne8 $2 (49... Nd8 $19 {...Ne6 is the strong threat.} 50. Nc5 N6f7) 50. Nf8+ $11 Kf7 {Threatens to win with ...Nf6.} 51. Ke3 $2 {[%mdl 8192]} (51. Bc3 $11 Nf6 52. h7 Nxh7 53. Nxh7) 51... Nf6 $19 52. Bxf6 Kxf6 {KN-KN} 53. Ne6 Kg6 54. Ng7 Ne7 (54... Nd8 $142 55. Ne8 b4) 55. Ne8 Kxh6 {Black mates.} 56. Nd6 b4 57. Kd4 Kh5 {Accuracy: White = 25%, Black = 51%.} 0-1

[Event "Teplice Open 2019"]
[Site "Teplice"]
[Date "2019.06.20"]
[Round "6.29"]
[White "Kucera, Petr"]
[Black "Ahlander, Bjorn"]
[Result "1/2-1/2"]
[WhiteElo "2248"]
[BlackElo "2421"]
[Annotator "NA"]
[PlyCount "109"]
[EventDate "2019.06.15"]
[EventType "swiss"]
[EventCountry "CZE"]
[SourceTitle "playchess.com"]
[Source "ChessBase"]
[SourceQuality "1"]
[TimeControl "40/5400+30:1800+30"]

1. d4 {[%emt 0:00:00]} Nf6 {[%emt 0:00:00]} 2. c4 {[%emt 0:00:00]} e6 {[%emt 0:00:00]} 3. Nf3 {[%emt 0:00:02]} d5 {[%emt 0:00:00]} 4. Nc3 {[%emt 0:00:32]} Bb4 {[%emt 0:00:39]} 5. cxd5 {[%emt 0:03:17]} exd5 {[%emt 0:00:03]} 6. Bg5 {[%emt 0:00:26]} h6 {[%emt 0:00:07]} 7. Bxf6 {[%emt 0:00:17]} Qxf6 {[%emt 0:00:03]} 8. Qb3 {[%emt 0:01:33]} Qd6 {[%emt 0:00:10]} 9. a3 {[%emt 0:05:42]} Bxc3+ {[%emt 0:03:26]} 10. Qxc3 {[%emt 0:00:38]} Bf5 {[%emt 0:02:40]} 11. e3 {[%emt 0:00:52]} Nd7 {[%emt 0:00:48]} 12. Be2 {[%emt 0:02:47]} O-O {[%emt 0:00:58]} 13. O-O {[%emt 0:01:36]} Nf6 {[%emt 0:03:58]} 14. Rfc1 {[%emt 0:02:11]} c6 {[%emt 0:00:03]} 15. b4 {[%emt 0:00:56]} Ne4 {[%emt 0:01:52]} 16. Qe1 {[%emt 0:00:15]} Rac8 {[%emt 0:12:45]} 17. a4 {[%emt 0:10:54]} Rc7 {[%emt 0:05:13]} 18. Ne5 {[%emt 0:00:29]} Rfc8 {[%emt 0:17:16]} 19. Nd3 {[%emt 0:03:01]} Qg6 {[%emt 0:00:00]} 20. f3 {[%emt 0:22:17]} Nd6 {[%emt 0:00:00]} 21. Nf4 {[%emt 0:01:23]} Qf6 {[%emt 0:00:00]} 22. g4 {[%emt 0:05:00]} Bh7 {[%emt 0:00:00]} 23. Qg3 {[%emt 0:04:12]} g5 {[%emt 0:06:36]} 24. Nh5 {[%emt 0:00:51]} Qe7 {[%emt 0:00:37]} 25. Qe5 {[%emt 0:02:23]} Ne8 {[%emt 0:00:08]} 26. Qxe7 {[%emt 0:01:55]} Rxe7 {[%emt 0:00:03]} 27. Kf2 {[%emt 0:01:54]} Bg6 {[%emt 0:00:03]} 28. Ng3 {[%emt 0:01:01]} Nd6 {[%emt 0:00:07]} 29. Ra3 {[%emt 0:01:51]} Kf8 {[%emt 0:05:37]} 30. Rac3 {[%emt 0:09:42]} Ke8 {[%emt 0:00:17]} 31. b5 {[%emt 0:01:25]} Rec7 {[%emt 0:01:05]} 32. Ke1 {[%emt 0:00:49]} Kd7 {[%emt 0:01:33]} 33. Kd2 {[%emt 0:01:41]} f6 {[%emt 0:02:57]} 34. Bf1 {[%emt 0:12:09]} cxb5 {[%emt 0:04:12]} 35. axb5 {[%emt 0:01:11]} Kd8 {[%emt 0:00:50]} 36. Rxc7 {[%emt 0:01:26]} Rxc7 {[%emt 0:00:03]} 37. Rc5 {[%emt 0:00:09]} b6 {[%emt 0:02:15]} 38. Rxc7 {[%emt 0:00:52]} Kxc7 {[%emt 0:00:02]} 39. Kc3 {[%emt 0:00:01]} Kd7 {[%emt 0:02:34]} 40. Be2 {[%emt 0:00:58]} Ke6 {[%emt 0:00:41]} 41. Bf1 {[%emt 0:01:36]} Ke7 {[%emt 0:01:11]} 42. Be2 {[%emt 0:00:34]} Kf7 {[%emt 0:00:03]} 43. Bf1 {[%emt 0:00:37]} Kf8 {[%emt 0:01:11]} 44. Be2 {[%emt 0:00:18]} Kg7 {[%emt 0:00:06]} 45. Bf1 {[%emt 0:00:40]} Kf7 {[%emt 0:19:25]} 46. Be2 {[%emt 0:00:23]} Ke6 {[%emt 0:01:59]} 47. Bf1 {[%emt 0:00:37]} Bh7 {[%emt 0:11:43]} 48. Be2 {[%emt 0:01:09]} Bb1 {[%emt 0:00:38]} 49. Kb2 {[%emt 0:00:30]} Bh7 {[%emt 0:00:04]} 50. Kc3 {[%emt 0:00:05]} Kd7 {[%emt 0:01:54]} 51. Bf1 {[%emt 0:00:51]} Bg6 {[%emt 0:00:40]} 52. Be2 {[%emt 0:00:23]} Ke6 {[%emt 0:04:53]} 53. Bf1 {[%emt 0:00:44]} Bb1 {[%emt 0:00:07]} 54. Kb2 {[%emt 0:00:24]} Bg6 {[%emt 0:00:07]} 55. Kc3 {[%emt 0:00:40] Ke5} 1/2-1/2

[Event "Teplice Open 2019"]
[Site "Teplice"]
[Date "2019.06.20"]
[Round "6.30"]
[White "Siddharth, Jagadeesh"]
[Black "Pacan-Milej, Kosma"]
[Result "1-0"]
[WhiteElo "2416"]
[BlackElo "2247"]
[Annotator "NA"]
[PlyCount "100"]
[EventDate "2019.06.15"]
[EventType "swiss"]
[EventCountry "CZE"]
[SourceTitle "playchess.com"]
[Source "ChessBase"]
[SourceQuality "1"]
[TimeControl "40/5400+30:1800+30"]

1. Nf3 {[%emt 1:03:31]} Nf6 {[%emt 0:00:09]} 2. c4 {[%emt 0:00:04]} b6 {[%emt 0:00:07]} 3. g3 {[%emt 0:00:04]} Bb7 {[%emt 0:00:06]} 4. Bg2 {[%emt 0:00:05]} g6 {[%emt 0:00:10]} 5. O-O {[%emt 0:00:06]} Bg7 {[%emt 0:00:03]} 6. Nc3 {[%emt 0:00:06]} O-O {[%emt 0:00:14]} 7. Re1 {[%emt 0:00:05]} Ne4 {[%emt 0:17:52]} 8. Nxe4 {[%emt 0:00:07]} Bxe4 {[%emt 0:00:03]} 9. d3 {[%emt 0:00:06]} Bb7 {[%emt 0:00:06]} 10. e4 {[%emt 0:00:04]} c5 {[%emt 0:07:57]} 11. d4 {[%emt 0:00:07]} cxd4 {[%emt 0:00:09]} 12. Nxd4 {[%emt 0:00:05]} d6 {[%emt 0:00:46]} 13. Be3 {[%emt 0:00:09]} Nd7 {[%emt 0:00:30]} 14. Qd2 {[%emt 0:08:36]} Ne5 {[%emt 0:05:10]} 15. Qe2 {[%emt 0:05:20]} Rc8 {[%emt 0:02:06]} 16. b3 {[%emt 0:06:52]} Qc7 {[%emt 0:01:33]} 17. Nb5 {[%emt 0:12:20]} Qb8 {[%emt 0:00:05]} 18. Rac1 {[%emt 0:00:14]} Rfd8 {[%emt 0:08:25]} 19. Nc3 {[%emt 0:02:37]} e6 {[%emt 0:03:45]} 20. Red1 {[%emt 0:01:17]} h6 {[%emt 0:24:45]} 21. Rd2 {[%emt 0:05:22]} Nc6 {[%emt 0:01:56]} 22. Qd1 {[%emt 0:02:00]} Rd7 {[%emt 0:02:30]} 23. f4 {[%emt 0:06:18]} Ne7 {[%emt 0:02:37]} 24. Rd3 {[%emt 0:22:34]} Rcd8 {[%emt 0:01:51]} 25. Qd2 {[%emt 0:02:37]} Qa8 {[%emt 0:02:34]} 26. Bd4 {[%emt 0:08:09]} Bc6 {[%emt 0:02:52]} 27. Bxg7 {[%emt 0:03:00]} Kxg7 {[%emt 0:00:06]} 28. Rd1 {[%emt 0:00:26]} a6 {[%emt 0:01:41]} 29. e5 {[%emt 0:06:16]} Qc8 {[%emt 0:09:43]} 30. Bxc6 {[%emt 0:04:10]} Qxc6 {[%emt 0:00:03]} 31. Rxd6 {[%emt 0:00:12]} Rxd6 {[%emt 0:01:42]} 32. exd6 {[%emt 0:00:01]} Qc5+ {[%emt 0:01:31]} 33. Qf2 {[%emt 0:01:10]} Rxd6 {[%emt 0:00:55]} 34. Qxc5 Rxd1+ {[%emt 0:00:05]} 35. Nxd1 {[%emt 0:00:04]} bxc5 {[%emt 0:00:01]} 36. Nc3 Nc6 {[%emt 0:00:49]} 37. Na4 {[%emt 0:00:22]} Nb4 {[%emt 0:01:20]} 38. Nxc5 {[%emt 0:00:06]} a5 {[%emt 0:00:45]} 39. a4 {[%emt 0:00:51]} Kf6 {[%emt 0:00:29]} 40. Kf2 {[%emt 0:03:25]} Ke7 {[%emt 0:00:03]} 41. Ke3 {[%emt 0:01:48]} f5 {[%emt 0:00:55]} 42. Kd2 {[%emt 0:02:54]} Kd6 {[%emt 0:03:41]} 43. Nd3 {[%emt 0:01:48]} Nc6 {[%emt 0:01:17]} 44. Kc3 {[%emt 0:01:09]} g5 {[%emt 0:00:05]} 45. c5+ {[%emt 0:01:13]} Kd5 {[%emt 0:01:02]} 46. b4 {[%emt 0:00:48]} axb4+ {[%emt 0:03:02]} 47. Nxb4+ {[%emt 0:00:46]} Nxb4 {[%emt 0:00:03]} 48. Kxb4 {[%emt 0:00:08]} e5 {[%emt 0:00:03]} 49. c6 {[%emt 0:00:37]} Kxc6 {[%emt 0:00:05]} 50. fxe5 {[%emt 0:00:03]} Kd5 {[%emt 0:00:26]} 1-0

[Event "Teplice Open 2019"]
[Site "Teplice"]
[Date "2019.06.20"]
[Round "6.31"]
[White "Freisler, Pavel"]
[Black "Halvax, Georg"]
[Result "1/2-1/2"]
[WhiteElo "2246"]
[BlackElo "2408"]
[Annotator "NA"]
[PlyCount "42"]
[EventDate "2019.06.15"]
[EventType "swiss"]
[EventCountry "CZE"]
[SourceTitle "playchess.com"]
[Source "ChessBase"]
[SourceQuality "1"]
[TimeControl "40/5400+30:1800+30"]

1. Nf3 {[%emt 0:00:00]} d5 {[%emt 0:00:07]} 2. d4 {[%emt 0:00:23]} Nf6 {[%emt 0:00:07]} 3. c4 {[%emt 0:00:30]} e6 {[%emt 0:00:30]} 4. g3 {[%emt 0:01:48]} Be7 {[%emt 0:02:28]} 5. Bg2 {[%emt 0:00:28]} O-O {[%emt 0:00:28]} 6. O-O {[%emt 0:00:57]} dxc4 {[%emt 0:00:52]} 7. Qc2 {[%emt 0:00:19]} b6 {[%emt 0:01:24]} 8. Bg5 {[%emt 0:02:50]} Nd5 {[%emt 0:00:45]} 9. Bxe7 {[%emt 0:00:07]} Qxe7 {[%emt 0:00:07]} 10. Qxc4 {[%emt 0:00:07]} Ba6 {[%emt 0:00:34]} 11. Qc2 {[%emt 0:00:09]} Nd7 {[%emt 0:01:34]} 12. Re1 {[%emt 0:08:52]} c5 {[%emt 0:01:31]} 13. Nc3 {[%emt 0:02:25]} Nxc3 {[%emt 0:00:28]} 14. Qxc3 {[%emt 0:01:05]} Rac8 {[%emt 0:00:32]} 15. Qa3 {[%emt 0:02:41]} Nb8 {[%emt 0:21:27]} 16. Rac1 {[%emt 0:01:22]} Rfd8 {[%emt 0:10:38]} 17. e3 {[%emt 0:17:08]} Kf8 {[%emt 0:05:47]} 18. dxc5 {[%emt 0:02:45]} Rxc5 {[%emt 0:01:01]} 19. Rxc5 {[%emt 0:01:56]} Qxc5 {[%emt 0:00:22]} 20. b4 {[%emt 0:05:16]} Qe7 {[%emt 0:02:20]} 21. Nd4 {[%emt 0:01:43]} Rc8 {[%emt 0:04:50]} 1/2-1/2

[Event "Teplice Open 2019"]
[Site "Teplice"]
[Date "2019.06.20"]
[Round "6.32"]
[White "Di Nicolantonio, Lucas"]
[Black "Horak, Martin"]
[Result "1/2-1/2"]
[WhiteElo "2379"]
[BlackElo "2244"]
[Annotator "NA"]
[PlyCount "28"]
[EventDate "2019.06.15"]
[EventType "swiss"]
[EventCountry "CZE"]
[SourceTitle "playchess.com"]
[Source "ChessBase"]
[SourceQuality "1"]
[TimeControl "40/5400+30:1800+30"]

1. f4 {[%emt 0:00:00]} d5 {[%emt 0:01:23]} 2. Nf3 {[%emt 0:00:00]} g6 {[%emt 0:01:20]} 3. g3 {[%emt 0:00:29]} Bg7 {[%emt 0:00:25]} 4. Bg2 {[%emt 0:00:38]} c5 5. O-O {[%emt 0:02:52]} Nc6 {[%emt 0:01:30]} 6. d3 {[%emt 0:00:00]} Nf6 {[%emt 0:04:10]} 7. c3 {[%emt 0:00:21]} O-O {[%emt 0:00:52]} 8. Na3 {[%emt 0:00:17]} Re8 {[%emt 0:10:47]} 9. Nh4 {[%emt 0:02:31]} e5 {[%emt 0:04:07]} 10. f5 {[%emt 0:00:58]} Ne7 {[%emt 0:14:27]} 11. e4 {[%emt 0:14:49]} dxe4 {[%emt 0:04:06]} 12. dxe4 {[%emt 0:01:19]} Qxd1 {[%emt 0:01:24]} 13. Rxd1 {[%emt 0:00:06]} gxf5 {[%emt 0:04:10]} 14. Nb5 {[%emt 0:10:46]} Rb8 {[%emt 0:06:00]} 1/2-1/2